000 00339 a2200157 4500
245 _aRééducation des paraplégiques
100 _aLacert, Ph.
700 _aMarpean, M.
700 _aCalves, M.
260 _c1978
300 _a101 p.
035 _a3653
999 _c17582
_d17582